Obsession /

Bibliographic Details
Main Author: Robards, Karen
Format: Book
Language:English
Published: New York : G.P. Putnam's Sons, [2007]
Subjects:

MARC

Tag First Indicator Second Indicator Subfields
LEADER 00000cam a22000004a 4500
001 in00002244824
005 20151104201142.0
008 070124s2007 nyu 000 1 eng
010 |a  2007003136 
020 |a 9780399154164 
020 |a 0399154167 
029 1 |a YDXCP  |b 2476108 
035 |a (OCoLC)ocm80181225 
035 |a (OCoLC)80181225 
040 |a DLC  |c DLC  |d BAKER  |d WIQ  |d C#P  |d BTCTA  |d YDXCP  |d VP@  |d TXA  |d UtOrBLW 
043 |a n-us-va 
049 |a TXAM 
050 0 0 |a PS3568.O196  |b O27 2007 
082 0 0 |a 813/.54  |2 22 
100 1 |a Robards, Karen. 
245 1 0 |a Obsession /  |c Karen Robards. 
264 1 |a New York :  |b G.P. Putnam's Sons,  |c [2007] 
264 4 |c ©2007 
300 |a 340 pages ;  |c 24 cm. 
336 |a text  |b txt  |2 rdacontent 
337 |a unmediated  |b n  |2 rdamedia 
338 |a volume  |b nc  |2 rdacarrier 
650 0 |a Government investigators  |v Fiction. 
651 0 |a Virginia, Northern  |v Fiction. 
650 0 |a Drug addicts  |v Fiction. 
650 0 |a Brothers and sisters  |v Fiction. 
655 7 |a Suspense fiction.  |2 gsafd 
938 |a Baker & Taylor  |b BKTY  |c 24.95  |d 18.71  |i 0399154167  |n 0006926277  |s active 
938 |a Baker and Taylor  |b BTCP  |n 2007003136 
938 |a YBP Library Services  |b YANK  |n 2476108 
948 |a cataloged  |b h  |c 2007/5/11  |d c  |e ceaton  |f 11:28:07 am 
994 |a C0  |b TXA 
999 |a MARS 
999 f f |s 18a9dde7-5b74-3d63-9302-dc36c2aa6cdc  |i f1f9f47f-c3a7-34d0-9c70-43313ea68c8c  |t 0 
952 f f |p normal  |a Texas A&M University  |b College Station  |c Sterling C. Evans Library  |d Evans: Library Stacks  |t 0  |e PS3568.O196 O27 2007  |h Library of Congress classification  |i unmediated -- volume  |m A14836017715 
998 f f |a PS3568.O196 O27 2007  |t 0  |l Evans: Library Stacks